Retrouvez tous les Pères Noël - Mort subite - Statistiques

Statistiques générales
  • Ce quiz a été pris 147 fois
  • Le résultat moyen est 12 sur 16
Answers on the Grid
Answers color-coded by a green-red scale on the quiz's grid according to % correct below.
🎅🏻
🧑🏻‍🎄
🤶🏻
🎅🏻
🎅🏻
🧑🏻‍🎄
🎅🏻
🤶🏻
🤶🏻
🧑🏻‍🎄
🧑🏻‍🎄
🎅🏻
🎅🏻
🎅🏻
🤶🏻
🎅🏻
🧑🏻‍🎄
🤶🏻
🧑🏻‍🎄
🧑🏻‍🎄
🤶🏻
🎅🏻
🤶🏻
🎅🏻
🤶🏻
🧑🏻‍🎄
🎅🏻
🧑🏻‍🎄
🎅🏻
🤶🏻
🤶🏻
🧑🏻‍🎄
🧑🏻‍🎄
🎅🏻
🎅🏻
🤶🏻
🤶🏻
🧑🏻‍🎄
🎅🏻
🎅🏻
 
Statistiques - réponses
Réponse % Correct
🎅🏻
96%
🎅🏻
82%
🎅🏻
77%
🎅🏻
77%
🎅🏻
75%
🎅🏻
74%
🎅🏻
73%
🎅🏻
73%
🎅🏻
72%
🎅🏻
72%
🎅🏻
71%
🎅🏻
71%
🎅🏻
71%
🎅🏻
71%
🎅🏻
71%
🎅🏻
71%
Aucun quiz correspondant
Distribution des résultats
% des personnes avec chaque résultat
Percentile par nombre de réponses
Votre historique - résultats
Vous n’avez pas pris ce quiz